000 00493nam a2200181Ia 4500
008 240925s9999 xx 000 0 und d
020 _a9780273757825
082 _a658.3 WIL
100 _aWilkinson, Adrian ; Redman, Tom
245 0 _aContemporary Human Resource Management: text and cases
250 _a4th
260 _aHarlow:
_bPearson Education
_c,2013.
300 _a336p.
_b0
_fOriginal
500 _aIncludes Index
600 _aManagement
650 _aManagement
942 _cBK
999 _c14591
_d14591